| 000 | 00465pab a2200169 454500 | ||
|---|---|---|---|
| 008 | 180718b2017 xxu||||| |||| 00| 0 eng d | ||
| 100 | _aLandau, Loren B. | ||
| 245 | _aMisreading mobility? bureaucratic politics and blindness in UN migration reports | ||
| 260 | _c2017 | ||
| 300 | _ap.1182-1195. | ||
| 362 | _aSep | ||
| 650 | _aMigration | ||
| 650 | _aLabour mobility | ||
| 700 | _aAchiume, E. Tendayi | ||
| 773 | _aDevelopment and Change | ||
| 909 | _a116221 | ||
| 999 |
_c116215 _d116215 |
||